000 00909cam a2200277 i 4500
001 4124691
003 ARRUPE
005 20131022133950.0
008 760420r1976 nyu b 000 0 eng
010 _a 76014923
020 _a0882754254 :
_c$3.75
040 _aDLC
_cDLC
_dDLC
043 _ae------
050 1 0 _aCB361
_b.H3 1976
082 0 0 _a940.2/1
100 1 _aHay, Denys,
_eed.
_92589
245 1 4 _aThe Renaissance debate /
_cedited by Denys Hay.
260 _aHuntington, N.Y. :
_bR.E. Krieger Pub. Co.,
_c1976, c1965.
300 _a122 p. ;
_c23 cm.
500 _aReprint of the ed. published by Holt, Rinehart and Winston, New York, in series: European problem studies.
504 _aBibliography: p. 120-122.
650 0 _aRenaissance.
_92590
650 0 _aCivilization, Medieval
_y12th century.
_92591
906 _a7
_bcbc
_corignew
_d1
_eocip
_f19
_gy-gencatlg
942 _2lcc
_cMONOGRAPH
999 _c118362
_d118362